[Event "ProMoPro Open"]
[Site "Praha"]
[Date "2002.09.10"]
[Round "4.15"]
[White "Hackel, Ludek"]
[Black "Novak, Jindrich"]
[Result "1-0"]
[WhiteElo "2105"]
[BlackElo "1920"]
[PlyCount "85"]
[EventDate "2002.09.07"]

1. d4 b5 2. e3 Bb7 3. Nf3 a6 4. c4 bxc4 5. Bxc4 e6 6. Nbd2 Nf6 7. O-O d5 8. Bb3
Nbd7 9. Ba4 Bd6 10. Nb3 O-O 11. Na5 Qc8 12. Bd2 c5 13. dxc5 Nxc5 14. Rc1 Qb8
15. b4 Nce4 16. Nxb7 Nxd2 17. Qxd2 Ne4 18. Qd4 Qxb7 19. Bc6 Qxb4 20. Qxb4 Bxb4
21. Bxa8 Rxa8 22. Rc2 Nd6 23. Ne5 Ba3 24. Rb1 Nb5 25. Nd7 g6 26. Nb6 Rf8 27.
Rc8 Nd6 28. Rxf8+ Kxf8 29. Rb3 Nb5 30. Nd7+ Ke7 31. Nb8 Kd6 32. Nxa6 Kc6 33.
Kf1 f6 34. Nb8+ Kc5 35. Nd7+ Kc4 36. Nxf6 Be7 37. Ng4 Bd6 38. Nh6 Nc3 39. Rb7
e5 40. Nf7 Ne4 41. f3 Nd2+ 42. Ke2 Bb4 43. Rxb4+ {cerny vzdal} 1-0

[Event "ProMoPro Open"]
[Site "Praha"]
[Date "2002.09.10"]
[Round "4.19"]
[White "Slovak, Pavel"]
[Black "Kosar, Milan"]
[Result "1-0"]
[WhiteElo "1960"]
[BlackElo "1826"]
[PlyCount "57"]
[EventDate "2002.09.07"]

1. e4 c5 2. Nf3 Nc6 3. d4 cxd4 4. Nxd4 e5 5. Nb5 a6 6. N5c3 Nf6 7. Bg5 Be7 8.
Bxf6 Bxf6 9. Nd5 O-O 10. Bd3 d6 11. O-O Be6 12. Nbc3 b5 13. a3 Bg5 14. Kh1 Ne7
15. f4 exf4 16. Nxf4 Qb6 17. Nfd5 Nxd5 18. exd5 Bd7 19. Qh5 h6 20. Ne4 Be7 21.
Rf3 Qd4 22. Rg3 Kh8 23. Nc3 Bf6 24. Rf1 Be5 25. Rgf3 25... Bg4 { } 26. Rxf7
Rxf7 27. Qxf7 Bf6 28. Qg6 Bd7 29. Qh7# 1-0

[Event "ProMoPro Open"]
[Site "Praha"]
[Date "2002.09.10"]
[Round "4.5"]
[White "Vedral, Oldrich"]
[Black "Cernousek, Lukas"]
[Result "0-1"]
[WhiteElo "2122"]
[BlackElo "2294"]
[PlyCount "90"]
[EventDate "2002.09.07"]

1. Nf3 Nf6 2. c4 c5 3. g3 d5 4. cxd5 Nxd5 5. Bg2 Nc6 6. Nc3 Nc7 7. O-O e5 8. d3
f6 9. Ne1 Be6 10. f4 exf4 11. gxf4 Qd7 12. Be3 Nd5 13. Bd2 Be7 14. Rc1 Rc8 15.
a3 O-O 16. Nc2 Rfd8 17. Qe1 f5 18. Nxd5 Bxd5 19. Bc3 Bxg2 20. Kxg2 Qd5+ 21. Rf3
Rd6 22. Ne3 Qf7 23. Nc4 Rh6 24. Kh1 Qh5 25. Qg1 Nd4 26. Rg3 Bf6 27. Re1 Nxe2
28. Rxe2 Qxe2 29. Rxg7+ 29... Kh8 { } 30. Rg3 Bxc3 31. bxc3 Qe6 32. Ne5 Qd5+
33. Qg2 Qxg2+ 34. Kxg2 Rf6 35. Nd7 Rg6 36. Ne5 Rxg3+ 37. hxg3 Kg7 38. Kf3 Rd8
39. Ke3 Rd6 40. d4 cxd4+ 41. cxd4 Ra6 42. d5 Rxa3+ 43. Kd4 Rxg3 44. d6 Kf6 45.
Kd5 45... Rg7 {bily vzdal} 0-1

[Event "ProMoPro Open"]
[Site "Praha"]
[Date "2002.09.10"]
[Round "4.9"]
[White "Serdamba, Cege"]
[Black "Londyn, Radek"]
[Result "1-0"]
[WhiteElo "1989"]
[BlackElo "2176"]
[PlyCount "65"]
[EventDate "2002.09.07"]

1. e4 c5 2. Nf3 d6 3. d4 cxd4 4. Nxd4 Nf6 5. Nc3 a6 6. Bg5 h6 7. Bh4 g5 8. Bg3
Bg7 9. Be2 Qb6 10. Nb3 Nc6 11. Qd2 a5 12. a4 Be6 13. Ra3 O-O-O 14. f3 d5 15.
Bf2 Qb4 16. Bc5 16... dxe4 { } 17. Qc1 exf3 18. Bxb4 fxg2 19. Rg1 axb4 20. Nc5
bxa3 21. Nxe6 axb2 22. Qxb2 fxe6 23. Nb5 Nh5 24. Qb3 Nf4 25. Bf3 { } 25... g4
26. Na7+ Kc7 27. Bxc6 bxc6 28. Qc4 Bd4 29. Nb5+ Kb6 30. Nxd4 Rd6 31. Nxc6 Rxc6
32. Qxf4 Rxc2 33. Qd4+ {cerny vzdal} 1-0

[Event "ProMoPro Open"]
[Site "Praha"]
[Date "2002.09.10"]
[Round "4.4"]
[White "Taborsky, Rostislav"]
[Black "Pinc, Miroslav"]
[Result "1/2-1/2"]
[WhiteElo "2236"]
[BlackElo "2221"]
[PlyCount "83"]
[EventDate "2002.09.07"]

1. e4 c5 2. Nf3 Nf6 3. Nc3 Nc6 4. d4 cxd4 5. Nxd4 d6 6. g3 Bg4 7. f3 Nxd4 8.
Qxd4 Bd7 9. Be3 g6 10. g4 Bg7 11. h4 O-O 12. Qd2 Qa5 13. O-O-O Rfc8 14. Kb1 Be6
15. Nd5 Qxd2 16. Rxd2 Bxd5 17. exd5 h5 18. g5 Nd7 19. Bh3 Rc7 20. Bxd7 Rxd7 21.
f4 b5 22. Rf1 Rc7 23. Bd4 Bxd4 24. Rxd4 Rac8 25. c3 Rc4 26. Rfd1 Kf8 27. Kc2 a6
28. Rxc4 Rxc4 29. Rd4 Rxd4 30. cxd4 Ke8 31. Kc3 Kd7 32. Kb4 Kc7 33. Ka5 Kb7 34.
a4 bxa4 35. Kxa4 Kb6 36. b4 Kb7 37. Ka5 Ka7 38. b5 axb5 39. Kxb5 Kb7 40. Ka5
Ka7 41. Kb5 Kb7 42. Ka5 {remis} 1/2-1/2

[Event "ProMoPro Open"]
[Site "Praha"]
[Date "2002.09.10"]
[Round "4.20"]
[White "Hybl, Vladislav"]
[Black "Nepustil, Frantisek"]
[Result "0-1"]
[WhiteElo "1813"]
[BlackElo "1957"]
[PlyCount "82"]
[EventDate "2002.09.07"]

1. f4 g6 2. Nf3 d5 3. e3 Bg7 4. d4 Bf5 5. c4 c6 6. Nc3 Nf6 7. Qb3 b6 8. cxd5
cxd5 9. Bb5+ Kf8 10. O-O a6 11. Be2 e6 12. Ne5 h5 13. Bd2 Nfd7 14. Rac1 Nxe5
15. fxe5 Nd7 16. Bf3 Bd3 17. Be2 Bxe2 18. Nxe2 Bh6 19. Bb4+ Kg7 20. Rf3 f5 21.
exf6+ Nxf6 22. Nf4 Bxf4 23. Rxf4 Ra7 24. Rc6 Rc7 25. Rxe6 Rc1+ 26. Kf2 Ng4+ 27.
Kg3 Re8 28. Rxe8 Qxe8 29. Bd2 Rh1 30. h3 g5 31. hxg4 gxf4+ 32. exf4 Qe2 33.
gxh5 Qxd2 34. Qxd5 Qe1+ 35. Kf3 Qf1+ 36. Kg3 Qe1+ 37. Kf3 Rf1+ 38. Kg4 Qe2+ 39.
Kg3 Qf2+ 40. Kh3 Rh1+ 41. Kg4 41... Rh4+ {bily vzdal} 0-1

[Event "ProMoPro Open"]
[Site "Praha"]
[Date "2002.09.10"]
[Round "4.6"]
[White "Urbanek, Stepan"]
[Black "Matras, Ondrej"]
[Result "0-1"]
[WhiteElo "2096"]
[BlackElo "2235"]
[PlyCount "80"]
[EventDate "2002.09.07"]

1. d4 Nf6 2. c4 g6 3. Nc3 Bg7 4. e4 d6 5. Be2 O-O 6. Bg5 h6 7. Be3 e5 8. d5
Nbd7 9. g4 Nc5 10. f3 Kh7 11. h4 Ne8 12. Qd2 Bd7 13. Nh3 a6 14. Qc2 b6 15. h5
gxh5 16. g5 f5 17. gxf6 Nxf6 18. O-O-O b5 19. Nb1 b4 20. Qd2 a5 21. Rdg1 Rg8
22. Bf1 Qe7 23. Bf2 Bh8 24. Bh4 Rxg1 25. Rxg1 Qf7 26. Bg5 { } 26... Rg8 27. Be3
Rxg1 28. Nxg1 Ng8 29. Qf2 Qe7 30. Kc2 Bf6 31. Bh3 Bg5 32. Nd2 Bxe3 33. Qxe3
Bxh3 34. Nxh3 Qd7 35. Nf2 Qa4+ 36. Kb1 Nf6 37. b3 Qe8 38. Nf1 Qg6 39. Kb2 Qg2
40. Nd2 40... Qxf2 {bily vzdal} 0-1

[Event "ProMoPro Open"]
[Site "Praha"]
[Date "2002.09.10"]
[Round "4.26"]
[White "Janota, Jiri"]
[Black "Ousmanov, Vjaceslav"]
[Result "0-1"]
[WhiteElo "1574"]
[BlackElo "1150"]
[PlyCount "104"]
[EventDate "2002.09.07"]

1. e4 e5 2. Nf3 Nc6 3. Bc4 Bc5 4. c3 Nf6 5. d4 exd4 6. cxd4 Bb4+ 7. Bd2 Bxd2+
8. Nbxd2 O-O 9. e5 Qe7 10. O-O Nh5 11. Re1 d6 12. exd6 Qxd6 13. Ng5 Nf6 14. Qb3
Nd8 15. Nde4 Nxe4 16. Rxe4 Qg6 17. Nxf7 Nxf7 18. Re7 Bf5 19. Rae1 h6 20. Rxc7
Qf6 21. Ree7 Bg6 22. h3 Rad8 23. Rcd7 Rxd7 24. Rxd7 Kh7 25. f3 Nd6 26. Bd5
Qxd4+ 27. Kh1 Qf6 28. Qb4 Rd8 29. Rxd8 Qxd8 30. Bxb7 Nxb7 31. Qxb7 Qb6 32. Qe7
Qxb2 33. Qxa7 Bd3 34. a4 Qc1+ 35. Kh2 Qc4 36. a5 Qa6 37. Qxa6 Bxa6 38. Kg3 Kg6
39. Kf4 Kf6 40. h4 Bc8 41. g3 Bb7 42. Ke3 Kf5 43. g4+ Ke5 44. f4+ Kf6 45. Kd4
Bc8 46. Ke3 Bxg4 47. a6 Bc8 48. a7 Bb7 49. Kf2 Kf5 50. Kg3 Bc6 51. h5 Bb7 52.
Kh4 52... Kxf4 {bily vzdal} 0-1

[Event "ProMoPro Open"]
[Site "Praha"]
[Date "2002.09.10"]
[Round "4.12"]
[White "Rous, Frantisek"]
[Black "Herskovic, Radek"]
[Result "1-0"]
[WhiteElo "2083"]
[BlackElo "2147"]
[PlyCount "97"]
[EventDate "2002.09.07"]

1. e4 Nf6 2. e5 Nd5 3. Nc3 Nxc3 4. bxc3 d6 5. f4 g6 6. d4 Bg7 7. Nf3 O-O 8. Bd3
c5 9. O-O cxd4 10. cxd4 Nc6 11. c3 Bg4 12. h3 Bxf3 13. Rxf3 e6 14. Ba3 dxe5 15.
Bxf8 Qxf8 16. fxe5 Rc8 17. Rb1 b6 18. Qa4 Rc7 19. Rbf1 Nd8 20. Be4 Qe7 21. Kh2
Bf8 22. R1f2 Qh4 23. Rf4 Qe7 24. R4f3 Qh4 25. Re2 Qe7 26. g3 Bg7 27. Ref2 Bh6
28. h4 Bf8 29. Kg2 Bg7 30. Rf1 Rc8 31. h5 Rc7 32. Rh1 Bf8 33. Qc2 Qg5 34. hxg6
hxg6 35. Rhf1 Bg7 36. R1f2 Bh6 37. Qa4 Qe7 38. Qb5 Bg7 39. a4 Qd7 40. Qb3 Qc8
41. Rf1 Nc6 42. Bxc6 Rxc6 43. Rxf7 Rxc3 44. Qb5 Rc2+ 45. Kh3 Rc7 46. Rxc7 Qxc7
47. Qe8+ Kh7 48. Rf4 Qb7 49. Kh2 {Cerny vzdal} 1-0

[Event "ProMoPro Open"]
[Site "Praha"]
[Date "2002.09.10"]
[Round "4.7"]
[White "Klicnar, Martin"]
[Black "Novak, Vaclav"]
[Result "1-0"]
[WhiteElo "2225"]
[BlackElo "2111"]
[PlyCount "119"]
[EventDate "2002.09.07"]

1. e4 g6 2. d4 Bg7 3. Nc3 d6 4. g3 c6 5. Bg2 Nf6 6. Nge2 O-O 7. O-O e5 8. h3
Nbd7 9. Be3 Qc7 10. Qd2 b5 11. Bh6 a5 12. Bxg7 Kxg7 13. f4 b4 14. Nd1 Ba6 15.
Re1 Rad8 16. c3 c5 17. Ne3 Qb6 18. fxe5 dxe5 19. d5 c4 20. g4 Nc5 21. Ng3 Nd3
22. Rf1 Nf4 23. Kh2 Nd7 24. Rf3 Nc5 25. Bf1 Ncd3 26. Bxd3 cxd3 27. c4 Rc8 28.
b3 Kg8 29. Ng2 Qd4 30. Rc1 g5 31. Ne3 f6 32. Nef5 Qc5 33. Nh5 Rce8 34. Nxf4
exf4 35. Qxd3 Bc8 36. Nd4 Bd7 37. Re1 Re5 38. Rf2 h5 39. gxh5 g4 40. hxg4 Bxg4
41. Rxf4 Rxh5+ 42. Kg2 Rg5 43. Kf2 Qc7 44. Ke3 Qh7 45. Qf1 Qh2 46. Qf2 Qh3+ 47.
Nf3 Bxf3 48. Rxf3 Qh6 49. Kd3 Qg6 50. Rf5 Rg2 51. Qb6 Qg3+ 52. Qe3 Qxe3+ 53.
Rxe3 Rxa2 54. e5 Rg2 55. e6 a4 56. e7 Re8 57. bxa4 Kf7 58. d6 b3 59. d7 b2 60.
dxe8=Q+ {cerny vzdal} 1-0

[Event "ProMoPro Open"]
[Site "Praha"]
[Date "2002.09.10"]
[Round "4.3"]
[White "Pribyl , Josef"]
[Black "Kotek, Daniel"]
[Result "1-0"]
[WhiteElo "2409"]
[BlackElo "2270"]
[PlyCount "151"]
[EventDate "2002.09.07"]

1. Nf3 d5 2. c4 e6 3. b3 Nf6 4. Bb2 Be7 5. g3 b6 6. Bg2 Bb7 7. cxd5 exd5 8. O-O
O-O 9. e3 Ne4 10. d3 Bf6 11. Qc2 Bxb2 12. Qxb2 Nc5 13. Rd1 a5 14. d4 Ne4 15.
Nc3 f5 16. Rac1 Qe7 17. Ne5 Na6 18. f3 Nd6 19. f4 Ne4 20. Nxe4 fxe4 21. Bf1
Rac8 22. Rd2 Nb8 23. Bh3 Rce8 24. a3 Rf6 25. b4 axb4 26. Qxb4 c5 27. Qc3 c4 28.
Rb2 Rd8 29. Rcb1 Rdd6 30. a4 Ba6 31. Bg4 Qc7 32. Kg2 Rf8 33. h4 Rff6 34. Kf2
Rf8 35. Ke1 Rff6 36. Kd2 Rf8 37. Rb5 Rff6 38. Ra1 Nc6 39. Rb2 Na5 40. Rab1 Qd8
41. Qa3 Qc7 42. Kc3 Bc8 43. Bd1 Bh3 44. Rf2 Bd7 45. Qb4 Rf8 46. Kd2 Rc8 47. Ke1
Ra8 48. Rfb2 Be8 49. Kf2 Qd8 50. Qc3 Qc7 51. Kg2 Qd8 52. Rb4 Qc7 53. g4 Qd8 54.
Kg3 Ra6 55. Bc2 Nc6 56. Rxc4 Rh6 57. Rh1 Ne7 58. Rb4 Ra8 59. Qb3 Kh8 60. Bd1
Rc8 61. Be2 { } 61... Rc1 62. Rh2 Rxh4 63. Rxh4 Nf5+ 64. gxf5 Rg1+ 65. Kf2
Qxh4+ 66. Kxg1 Qe1+ 67. Bf1 Qg3+ 68. Bg2 Qe1+ 69. Bf1 Qg3+ 70. Kh1 Qf2 71. Qb1
Bh5 72. Rxb6 h6 73. Rb2 Qxe3 74. Bg2 Qxf4 75. Ng6+ Bxg6 76. fxg6 {cerny vzdal}
1-0

[Event "ProMoPro Open"]
[Site "Praha"]
[Date "2002.09.11"]
[Round "5.1"]
[White "Hausner, Ivan"]
[Black "Stross, Frantisek"]
[Result "1-0"]
[WhiteElo "2412"]
[BlackElo "2266"]
[PlyCount "41"]
[EventDate "2002.09.07"]

1. c4 e6 2. g3 d5 3. Nf3 Nf6 4. Bg2 Be7 5. d4 O-O 6. O-O c6 7. Qc2 b6 8. Nbd2
Bb7 9. e4 dxe4 10. Nxe4 Nbd7 11. Rd1 Rc8 12. Nc3 Qc7 13. Bf4 Bd6 14. Bxd6 Qxd6
15. Ng5 Qe7 16. Re1 h6 17. Nf3 Rfd8 18. Rad1 Qd6 19. Ne5 Qc7 20. f4 20... c5 { 
} 21. Nb5 {cerny vzdal} 1-0

[Event "ProMoPro Open"]
[Site "Praha"]
[Date "2002.09.11"]
[Round "5.10"]
[White "Koukolik, Alexander"]
[Black "Chalupa, Ivan"]
[Result "1/2-1/2"]
[WhiteElo "2103"]
[BlackElo "2128"]
[PlyCount "21"]
[EventDate "2002.09.07"]

1. d4 d5 2. c4 e6 3. Nc3 Be7 4. Bf4 Nf6 5. e3 O-O 6. Nf3 c5 7. a3 a6 8. h3 dxc4
9. dxc5 Bxc5 10. Bxc4 Qxd1+ 11. Rxd1 {remis} 1/2-1/2

[Event "ProMoPro Open"]
[Site "Praha"]
[Date "2002.09.11"]
[Round "5.20"]
[White "Janocko, Petr"]
[Black "Kudrna, Jakub"]
[Result "1-0"]
[WhiteElo "1987"]
[BlackElo "1597"]
[PlyCount "53"]
[EventDate "2002.09.07"]

1. e4 e5 2. Bc4 Nf6 3. d4 Nxe4 4. dxe5 d5 5. Bxd5 f5 6. exf6 Nxf6 7. Nc3 Bb4 8.
Qe2+ Qe7 9. Qxe7+ Kxe7 10. Bg5 Bxc3+ 11. bxc3 Nbd7 12. O-O-O c6 13. Re1+ Kd6
14. Bf7 Kc7 15. Bf4+ Kb6 16. Bd6 Ng4 17. Nf3 Nh6 18. Bc4 Nf5 19. Bf4 h5 20. Nd4
Nf6 21. Nxf5 Bxf5 22. Re7 Ne8 23. Be3+ c5 24. Re5 Rc8 25. Rxf5 Nd6 26. Rf4 g5
27. Rf6 {cerny vzdal} 1-0

[Event "ProMoPro Open"]
[Site "Praha"]
[Date "2002.09.11"]
[Round "5.5"]
[White "Pinc, Miroslav"]
[Black "Klicnar, Martin"]
[Result "1/2-1/2"]
[WhiteElo "2221"]
[BlackElo "2225"]
[PlyCount "44"]
[EventDate "2002.09.07"]

1. d4 Nf6 2. c4 g6 3. Nc3 d5 4. cxd5 Nxd5 5. e4 Nxc3 6. bxc3 Bg7 7. Bc4 c5 8.
Ne2 O-O 9. O-O Nc6 10. Be3 Bg4 11. f3 Na5 12. Bd3 cxd4 13. cxd4 Be6 14. Qa4 a6
15. Qb4 b5 16. a4 Nb3 17. Rad1 a5 18. Qxb5 Nxd4 19. Qc5 Rc8 20. Qa3 Nxe2+ 21.
Bxe2 Rc3 22. Qxc3 22... Bxc3 {remis} 1/2-1/2

[Event "ProMoPro Open"]
[Site "Praha"]
[Date "2002.09.11"]
[Round "5.14"]
[White "Novak , Vaclav"]
[Black "Slovak, Pavel"]
[Result "0-1"]
[WhiteElo "2111"]
[BlackElo "1960"]
[PlyCount "58"]
[EventDate "2002.09.07"]

1. e4 c5 2. Nf3 d6 3. d4 cxd4 4. Nxd4 Nf6 5. Nc3 a6 6. Be2 e6 7. Be3 Be7 8. Qd2
Qc7 9. O-O-O O-O 10. f4 Nc6 11. h3 b5 12. Nxc6 Qxc6 13. Bf3 e5 14. Nd5 Nxd5 15.
exd5 Qc7 16. fxe5 Bf5 17. g4 Bg6 18. h4 Rac8 19. c3 h6 20. Qe2 Qa5 21. Bd4 dxe5
22. Qxe5 Bf6 23. Qf4 Bxd4 24. Rxd4 Qxa2 25. Re4 b4 26. Rxb4 { } 26... Rxc3+ 27.
Kd2 Rc2+ 28. Ke3 Re8+ 29. Re4 29... Qb3+ {bily vzdal} 0-1

[Event "ProMoPro Open"]
[Site "Praha"]
[Date "2002.09.11"]
[Round "5.7"]
[White "Kotek, Daniel"]
[Black "Zikmund, Daniel"]
[Result "1-0"]
[WhiteElo "2270"]
[BlackElo "2072"]
[PlyCount "37"]
[EventDate "2002.09.07"]

1. e4 d6 2. d4 Nf6 3. Nc3 c6 4. f4 Qa5 5. Bd3 e5 6. Nf3 Bg4 7. Be3 Nbd7 8. O-O
Be7 9. Qd2 Bxf3 10. gxf3 Bd8 11. Kh1 O-O 12. Rg1 exd4 13. Bxd4 Bb6 14. Rg5 Qb4
15. Bxb6 Qxb6 16. e5 Nd5 17. Nxd5 cxd5 18. Bf5 18... Nc5 { } 19. Rxg7+ 1-0

[Event "ProMoPro Open"]
[Site "Praha"]
[Date "2002.09.11"]
[Round "5.25"]
[White "Tolar, Vladislav"]
[Black "Havlak, Lubomir"]
[Result "0-1"]
[WhiteElo "1694"]
[BlackElo "1726"]
[PlyCount "58"]
[EventDate "2002.09.07"]

1. d4 Nf6 2. c4 e6 3. Nc3 d5 4. Nf3 Nbd7 5. Bg5 c6 6. e3 Qa5 7. Bxf6 Nxf6 8.
Qd2 Bb4 9. a3 Ne4 10. axb4 Qxa1+ 11. Qd1 Qxb2 12. Nxe4 dxe4 13. Nd2 Qxb4 14.
Be2 O-O 15. O-O f5 16. Qc2 b6 17. Nb3 a5 18. Rb1 a4 19. Nd2 Qa5 20. g4 Ba6 21.
Nf1 b5 22. gxf5 exf5 23. cxb5 Bxb5 24. Qa2+ Kh8 25. Ng3 Bxe2 26. Nxe2 a3 27.
Ng3 Rfb8 28. Rc1 Qd5 29. Qe2 29... a2 {bily vzdal} 0-1

[Event "ProMoPro Open"]
[Site "Praha"]
[Date "2002.09.11"]
[Round "5.8"]
[White "Hackel, Ludek"]
[Black "Taborsky, Rostislav"]
[Result "0-1"]
[WhiteElo "2105"]
[BlackElo "2236"]
[PlyCount "48"]
[EventDate "2002.09.07"]

1. d4 Nf6 2. c4 e6 3. g3 c5 4. Nf3 cxd4 5. Nxd4 d5 6. Bg2 e5 7. Nf3 d4 8. O-O
Nc6 9. Bg5 Be7 10. b4 e4 11. Nfd2 e3 12. Bxf6 Bxf6 13. Ne4 exf2+ 14. Rxf2 Be7
15. Qb3 O-O 16. Nbd2 a5 17. bxa5 Nxa5 18. Qd3 f5 19. Raf1 Be6 20. Rxf5 Rxf5 21.
Rxf5 Bxf5 22. Nf6+ Bxf6 23. Qxf5 g6 24. Qe6+ 24... Kg7 {bily vzdal} 0-1

[Event "ProMoPro Open"]
[Site "Praha"]
[Date "2002.09.11"]
[Round "5.18"]
[White "Kucera, Tomas"]
[Black "Novak, Jindrich"]
[Result "0-1"]
[WhiteElo "2133"]
[BlackElo "1920"]
[PlyCount "60"]
[EventDate "2002.09.07"]

1. e4 a6 2. d4 b5 3. Bd3 Bb7 4. c3 Nf6 5. Qe2 e6 6. Bg5 Be7 7. Nd2 d6 8. Ngf3
Nbd7 9. O-O c5 10. a4 c4 11. Bc2 O-O 12. e5 dxe5 13. dxe5 Nd5 14. Qe4 g6 15.
Bxe7 Qxe7 16. Nd4 Rab8 17. f4 Nxc3 18. Qe3 Nd5 19. Qh3 Qc5 20. N2f3 20... Nb4 {
} 21. Bxg6 fxg6 22. Qxe6+ Rf7 23. Kh1 Nf8 24. Qg4 Bxf3 25. Nxf3 Nd3 26. Ng5 Rf5
27. Ne4 Qe3 28. Nd6 Rxf4 29. Rxf4 Qxf4 30. Rf1 Qxf1# 0-1

[Event "ProMoPro Open"]
[Site "Praha"]
[Date "2002.09.11"]
[Round "5.17"]
[White "Herskovic, Radek"]
[Black "Bilek, Bernhrad"]
[Result "1-0"]
[WhiteElo "2147"]
[BlackElo "1829"]
[PlyCount "105"]
[EventDate "2002.09.07"]

1. e4 g6 2. d4 d6 3. Nc3 Bg7 4. f4 Nf6 5. Nf3 c5 6. Bb5+ Bd7 7. e5 Ng4 8. e6
Bxb5 9. exf7+ Kd7 10. Nxb5 Qa5+ 11. Nc3 Nh6 12. dxc5 Bxc3+ 13. bxc3 Qxc3+ 14.
Bd2 Qxc5 15. Ne5+ dxe5 16. Be3+ Qd6 17. fxe5 Qxd1+ 18. Rxd1+ Ke6 19. Bxh6 Kxf7
20. e6+ Kxe6 21. O-O Nc6 22. Rfe1+ Kf6 23. Rf1+ Ke6 24. Rfe1+ Kf6 25. Rd7 b6
26. h4 Rhd8 27. Bg5+ Kf7 28. Rb7 Rab8 29. Rexe7+ Nxe7 30. Rxe7+ Kg8 31. Rxa7
Rf8 32. Be3 Rf7 33. Ra6 b5 34. c3 Re7 35. Bd4 b4 36. Bc5 Re4 37. cxb4 Rxh4 38.
a4 Rc4 39. a5 Rc2 40. Rd6 Re8 41. a6 Re1+ 42. Kh2 Ra1 43. Rd8+ Kf7 44. Ra8 Raa2
45. a7 Rxg2+ 46. Kh3 g5 47. Rf8+ Kg6 48. a8=Q g4+ 49. Kh4 Rxa8 50. Rxa8 h5 51.
Rg8+ Kf7 52. Rf8+ Kg6 53. Rf2 {cerny vzdal} 1-0

[Event "ProMoPro Open"]
[Site "Praha"]
[Date "2002.09.11"]
[Round "5.23"]
[White "Kosar, Milan"]
[Black "Voglova , Eva"]
[Result "0-1"]
[WhiteElo "1826"]
[BlackElo "1690"]
[PlyCount "68"]
[EventDate "2002.09.07"]

1. e4 d5 2. exd5 Nf6 3. Bb5+ Bd7 4. Bc4 b5 5. Bb3 Bg4 6. Nf3 Nxd5 7. Qe2 c6 8.
Nc3 Nxc3 9. dxc3 e6 10. Bf4 Bc5 11. Qe5 Bf8 12. Nd4 Qc8 13. f3 Nd7 14. Qe2 Bh5
15. Bxe6 Be7 16. Bh3 O-O 17. O-O-O Re8 18. Rhe1 Qb7 19. Nxb5 Nf6 20. Nc7 Rab8
21. Nxe8 Qxb2+ 22. Kd2 Rd8+ 23. Bd6 23... Nd5 { } 24. Qxe7 Nxe7 25. Rxe7 Bg6
26. Rde1 Qxc2+ 27. Ke3 h5 28. Kf4 Qd2+ 29. Kg3 Rxd6 30. Nxd6 Qxd6+ 31. f4 h4+
32. Kf3 Qd3+ 33. R1e3 Qd1+ 34. Re2 34... Bd3 {bily prekrocil cas} 0-1

[Event "ProMoPro Open"]
[Site "Praha"]
[Date "2002.09.11"]
[Round "5.15"]
[White "Kovar, Josef"]
[Black "Urbanek, Stepan"]
[Result "0-1"]
[WhiteElo "1944"]
[BlackElo "2096"]
[PlyCount "77"]
[EventDate "2002.09.07"]

1. e4 e6 2. d4 d5 3. Nc3 Bb4 4. Nge2 Nf6 5. Bg5 dxe4 6. a3 Be7 7. Ng3 b6 8. Qd2
Bb7 9. O-O-O Nbd7 10. h4 h6 11. Bxf6 Nxf6 12. Qe2 Qd7 13. Ngxe4 Nxe4 14. Nxe4
O-O-O 15. f3 Kb8 16. Qb5 Bc6 17. Qb3 e5 18. d5 Bxd5 19. c4 Qc6 20. Bd3 Be6 21.
Qc3 f5 22. Ng3 Bf6 23. Nh5 e4 24. Nxf6 exd3 25. Nh5 Qxc4 26. Qxc4 Bxc4 27. Nxg7
f4 28. Rhe1 Rd7 29. Ne6 Re8 30. Nc5 { } 30... d2+ 31. Kc2 dxe1=N+ 32. Rxe1 Rxe1
33. Nxd7+ Kc8 34. Nf6 Bf1 35. Kd2 Re2+ 36. Kc3 Bxg2 37. Nh5 Bxf3 38. Nxf4 Re4
39. Nd5 {bily vzdal} 0-1

[Event "ProMoPro Open"]
[Site "Praha"]
[Date "2002.09.11"]
[Round "5.12"]
[White "Borik, Juraj"]
[Black "Kaiser, Rudolf"]
[Result "1-0"]
[WhiteElo "2124"]
[BlackElo "2054"]
[PlyCount "73"]
[EventDate "2002.09.07"]

1. e4 e5 2. Nf3 Nf6 3. Nxe5 d6 4. Nf3 Nxe4 5. Nc3 Nxc3 6. dxc3 Be7 7. Be3 Nc6
8. Qd2 Bg4 9. Be2 Qd7 10. h3 Bf5 11. O-O-O a5 12. Bb5 a4 13. Nd4 Be6 14. Kb1 a3
15. b3 Bf6 16. f4 g6 17. c4 d5 18. cxd5 Bxd5 19. Nxc6 bxc6 20. Qxd5 Qxd5 21.
Rxd5 cxb5 22. Bc5 Ra6 23. Rhd1 Re6 24. Bxa3 c6 25. R5d3 Be7 26. Bxe7 Kxe7 27.
Kb2 Rb8 28. Rd7+ Kf6 29. R1d6 Rc8 30. g4 h6 31. h4 Rxd6 32. Rxd6+ Ke7 33. Rd2
Kf6 34. f5 h5 35. fxg6 hxg4 36. gxf7 Kf5 37. Rf2+ {cerny vzdal} 1-0

[Event "ProMoPro Open"]
[Site "Praha"]
[Date "2002.09.11"]
[Round "5.6"]
[White "Svatos , Jan"]
[Black "Serdamba, Cege"]
[Result "1-0"]
[WhiteElo "2279"]
[BlackElo "1989"]
[PlyCount "86"]
[EventDate "2002.09.07"]

1. e4 c5 2. Nf3 Nc6 3. d4 cxd4 4. Nxd4 g6 5. Be3 Nf6 6. Nc3 Bg7 7. f3 O-O 8.
Qd2 d5 9. Nxc6 bxc6 10. e5 Nd7 11. f4 Qa5 12. a3 e6 13. Be2 c5 14. O-O d4 15.
Ne4 Qb6 16. Bf2 Ba6 17. Bxa6 Qxa6 18. b4 Qc6 19. Nxc5 Nxc5 20. bxc5 Rfd8 21.
Bxd4 Bf8 22. c3 Bxc5 23. Qe3 Rd5 24. Bxc5 Rxc5 25. Rac1 Rc8 26. Rf3 Ra5 27. c4
Rc5 28. Qd4 Qb6 29. Rfc3 Rd8 30. Qf2 Qc6 31. h3 Kg7 32. Kh2 Rc8 33. Qh4 Rxc4
34. Qf6+ Kg8 35. Rxc4 Qxc4 36. Rxc4 Rxc4 37. Qd8+ Kg7 38. Qf6+ Kg8 39. Qd8+ Kg7
40. Qa5 Rxf4 41. Qxa7 Re4 42. a4 Rxe5 43. Qd4 43... f6 {cerny vzdal} 1-0

[Event "ProMoPro Open"]
[Site "Praha"]
[Date "2002.09.11"]
[Round "5.22"]
[White "Umanec, Filip"]
[Black "Klimes, Petr"]
[Result "1-0"]
[WhiteElo "1855"]
[BlackElo "1767"]
[PlyCount "95"]
[EventDate "2002.09.07"]

1. e4 e5 2. Nf3 Nc6 3. d4 exd4 4. c3 d3 5. Bxd3 Bc5 6. Nbd2 Nge7 7. Nb3 Bb6 8.
Bg5 d6 9. h3 h6 10. Bh4 Be6 11. Nbd4 Qd7 12. Qe2 Ng6 13. Bg3 O-O-O 14. Bb5 Kb8
15. a4 Nxd4 16. cxd4 c6 17. a5 Bc7 18. Bd3 Rhe8 19. O-O f5 20. Qc2 f4 21. Bh2
Qf7 22. d5 Bd7 23. dxc6 Bxc6 24. a6 Rc8 25. axb7 Bxb7 26. Qa4 Bb6 27. Nd4 Re5
28. Nb5 Bc6 29. Qb4 Bc5 30. Qd2 Qb7 31. Nc3 Rf8 32. b4 Bxb4 33. Ba6 Bxc3 34.
Qxd6+ Qc7 35. Rab1+ Rb5 36. Qxc7+ Kxc7 37. Bxb5 Bxe4 38. Rbc1 Kb6 39. Rxc3 Kxb5
40. Re1 Kb4 41. Rc7 Re8 42. f3 a5 43. Rxe4+ Rxe4 44. fxe4 a4 45. Rxg7 Ne5 46.
Bxf4 Nd3 47. Bxh6 Nb2 48. Ra7 {cerny vzdal} 1-0

[Event "ProMoPro Open"]
[Site "Praha"]
[Date "2002.09.11"]
[Round "5.13"]
[White "Nepustil, Frantisek"]
[Black "Vedral, Oldrich"]
[Result "0-1"]
[WhiteElo "1957"]
[BlackElo "2122"]
[PlyCount "76"]
[EventDate "2002.09.07"]

1. g3 c5 2. Bg2 Nc6 3. e3 Nf6 4. Ne2 d5 5. d4 Bf5 6. b3 e6 7. Bb2 Be7 8. a3 O-O
9. O-O Rc8 10. Nd2 cxd4 11. exd4 b5 12. Rc1 b4 13. a4 Qb6 14. Nf3 Ne4 15. Nh4
Bxh4 16. gxh4 Rc7 17. Ng3 Nxg3 18. hxg3 h6 19. g4 Bh7 20. g5 hxg5 21. hxg5 Rfc8
22. c4 bxc3 23. Rxc3 Qxd4 24. Qh5 Bg6 25. Qh2 Qb4 26. Rh3 Kf8 27. Ra1 Qb6 28.
a5 Nxa5 29. Ba3+ Ke8 30. Rh8+ Kd7 31. Rxc8 Rxc8 32. Qe5 Rc2 33. Qf4 Nxb3 34.
Rd1 Nc5 35. Bxd5 exd5 36. Rxd5+ Kc8 37. Qg4+ Ne6 38. Qa4 {bily vzdal} 38...
Qxf2+ 0-1

[Event "ProMoPro Open"]
[Site "Praha"]
[Date "2002.09.11"]
[Round "5.16"]
[White "Simecek, Bohumil"]
[Black "Cebis, Petr"]
[Result "1-0"]
[WhiteElo "2082"]
[BlackElo "1692"]
[PlyCount "99"]
[EventDate "2002.09.07"]

1. d4 f5 2. g3 Nf6 3. Bg2 d5 4. Nf3 e6 5. O-O Be7 6. c4 c6 7. b3 Ne4 8. Ba3 O-O
9. Bxe7 Qxe7 10. e3 Nd7 11. Nbd2 Ndf6 12. Qc2 Bd7 13. Ne5 Be8 14. Ndf3 Bh5 15.
Ne1 Nd7 16. N1d3 Rf6 17. f3 Ng5 18. g4 fxg4 19. fxg4 Bg6 20. Rxf6 gxf6 21. Nxg6
hxg6 22. Nf4 f5 23. Nxg6 23... Qf6 { } 24. gxf5 exf5 25. Qxf5 Kg7 26. Qxf6+
Nxf6 27. Ne5 Nfe4 28. Bxe4 Nxe4 29. Rf1 Kh6 30. Rf7 Rg8+ 31. Kf1 Rg7 32. Rxg7
Kxg7 33. cxd5 cxd5 34. Nd3 b6 35. Nf4 Nf6 36. Ke2 Kh6 37. Kf3 Kg5 38. Ne2 Ng4
39. h3 Nf6 40. Nc3 Kf5 41. h4 a6 42. a3 a5 43. a4 Ke6 44. Kf4 Nh7 45. h5 Nf6
46. h6 Nh7 47. Kg4 Nf6+ 48. Kg5 Kf7 49. Kf5 49... Ke7 { } 50. Nxd5+ {
cerny vzdal} 1-0